サラリーマンの生きがい : 日本人は働きアリか
Đã lưu trong:
| Tác giả chính: | |
|---|---|
| Định dạng: | Sách |
| Ngôn ngữ: | Undetermined |
| Được phát hành: |
東京
毎日新聞社
1972
|
| Những chủ đề: | |
| Các nhãn: |
Thêm thẻ
Không có thẻ, Là người đầu tiên thẻ bản ghi này!
|
| Thư viện lưu trữ: | Trung tâm Học liệu Trường Đại học Cần Thơ |
|---|
| LEADER | 00551nam a2200193Ia 4500 | ||
|---|---|---|---|
| 001 | CTU_95180 | ||
| 008 | 210402s9999 xx 000 0 und d | ||
| 082 | |a 658.3 | ||
| 082 | |b T161 | ||
| 100 | |a 田中博秀(たなか ひろひで) | ||
| 245 | 0 | |a サラリーマンの生きがい : | |
| 245 | 0 | |b 日本人は働きアリか | |
| 245 | 0 | |c 田中博秀 | |
| 260 | |a 東京 | ||
| 260 | |b 毎日新聞社 | ||
| 260 | |c 1972 | ||
| 650 | |a Personnel Management | ||
| 904 | |i Ngoc | ||
| 980 | |a Trung tâm Học liệu Trường Đại học Cần Thơ | ||